| 000 | 00562nam a2200205 i 4500 | ||
|---|---|---|---|
| 001 | 109300 | ||
| 003 | ES-MaACL | ||
| 005 | 20230906184822.0 | ||
| 007 | t| | ||
| 008 | 061121s1965 sp r ||||1| spa d | ||
| 100 | 1 |
_aMúgica Aguirre, José Antonio. _984058 |
|
| 245 | 1 | 4 |
_aLos apellidos de Iberia / _cJosé Múgica. |
| 260 |
_aBilbao : _bSendo, _c1965. |
||
| 300 |
_a304 p. ; _c23 cm. |
||
| 490 | 1 | _aLarrún | |
| 650 | 4 |
_aApellidos- _zPaís Vasco. _99916 |
|
| 830 | 0 |
_aLarrún _9232973 |
|
| 852 |
_aES-MaACL _jC-28458 _bR.57700 |
||
| 999 |
_c109300 _d109300 |
||